Talking with readers: metadiscourse as rhetorical act
Gespeichert in:
| 1. Verfasser: | |
|---|---|
| Format: | Buch |
| Sprache: | Englisch |
| Veröffentlicht: |
Nueva York
Peter Lang
1989
|
| Schriftenreihe: | American University Studies. Series XIV. Education, 17
|
| Schlagworte: | |
| Tags: |
Tag hinzufügen
Keine Tags, Fügen Sie den ersten Tag hinzu!
|
MARC
| LEADER | 00000nam a2200000 a 4500 | ||
|---|---|---|---|
| 001 | UCM9144 | ||
| 003 | CL-VaPUC | ||
| 008 | 030411e19890000US |||||||||||||||||eng|d | ||
| 082 | 0 | 4 | |a 808.001 |b CRI |2 21 |
| 100 | 0 | |a Crismore, Avon |e author |9 475554 | |
| 245 | 1 | 0 | |a Talking with readers: metadiscourse as rhetorical act |
| 300 | |a 282 p | ||
| 942 | |c BK | ||
| 945 | |d 20030411 00:00:00 |a cmena | ||
| 260 | |a Nueva York |b Peter Lang |c 1989 | ||
| 650 | 0 | |a Retórica |9 266620 | |
| 650 | 0 | |a Análisis del discurso |9 256696 | |
| 583 | |a last modification |c 20030411 00:00:00 |k Rodrigo Vera | ||
| 490 | 0 | |a American University Studies. Series XIV. Education, 17 | |
| 999 | |c 303520 |d 303518 | ||
| 952 | |0 0 |1 0 |4 0 |6 808_001000000000000_CRI_1989 |7 0 |8 A |9 364870 |a FDOPOS |b FDOPOS |d 2019-11-21 |i 3895149 |o 808.001 CRI 1989 |p 3895149 |r 2025-01-22 |w 2019-11-21 |y BK |k MLA | ||